000 00652nam a2200217Ia 4500
003 OSt
005 20251028142236.0
008 210716s2011 xx 000 0 und d
020 _a9788120316669
040 _cAIMIT LIBRARY
041 _aeng
082 _a005.758 SAPR
245 _aAdministering SAP R/3:
_bProduction planning module.
250 _a1st ed.
260 _aNew Delhi :
_bPHI Learning Pvt Ltd ,
_c2011.
300 _axxi;476 p.;
_bPB
_c24.5 cm.
650 _aControlling the production facilities
_9242990
650 _aPlanning and integrating
_9242991
650 _aPreparing the system
_9242992
942 _2ddc
_cBK
_k005.758 SAPR
999 _c192314
_d192314